00317nam a2200121Ia 4500008004100000082001700041100002300058245005200081250000900133260003700142300000800179650000800187191201s2009 xx 000 0 und d a658.322bHEC aHenderson, Richard 0aCompensation Managment in a Knowledge ……… a10th aN.DelhibPearson Educationc2009 a550 aMBA